| 000 | 00947nam a22002537a 4500 | ||
|---|---|---|---|
| 005 | 20170124103050.0 | ||
| 010 | _aA-024242 | ||
| 020 | _c10.00 | ||
| 035 | _aA-024242 | ||
| 037 | _bCen Lib/Ret | ||
| 040 |
_aDPL _bHN |
||
| 082 |
_aउ _bकमले |
||
| 100 |
_aकमलेश्वर _970378 |
||
| 245 |
_aवही बात / _cकमलेश्वर |
||
| 246 |
_aVahi baat / _bby Kamleshavar |
||
| 260 |
_aदिल्ली _bशब्दकार _c1981 |
||
| 270 |
_a2203, गली ड्कौतान, तुर्कमान गेट _bदिल्ली _e110006 |
||
| 300 |
_a99पृ. _c17सेमी (सजिल्द) |
||
| 650 |
_aहिन्दी साहित्य _970379 |
||
| 650 |
_aहिन्दी साहित्य -- उपन्यास _946379 |
||
| 650 |
_aHindi literature _970380 |
||
| 650 |
_aHindi literature -- Novel _970381 |
||
| 942 |
_2ddc _cHN _hउ _mकमले |
||
| 999 |
_c117151 _d117151 |
||